2010 Movies by Screenshot - Statistics

General Stats
  • This quiz has been taken 1,755 times
  • The average score is 13 of 16
Answer Stats
Picture Answer % Correct
Shrek Forever After
98%
Toy Story 3
97%
Iron Man 2
96%
Harry Potter and the Deathly Hallows - Part 1
94%
Despicable Me
91%
The Twilight Saga: Eclipse
91%
How to Train Your Dragon
90%
Tangled
89%
Megamind
88%
Alice in Wonderland
79%
Black Swan
75%
Tron: Legacy
65%
The Social Network
64%
Inception
60%
Scott Pilgrim vs. the World
43%
The King's Speech
30%
No matching quizzes found
Score Distribution
Percent of People with Each Score
Percentile by Number Answered
Your Score History
You have not taken this quiz